Genotypic differences in some physiological parameters under moderate drought stress in tomato / (Record no. 15741)

MARC details
000 -LEADER
fixed length control field 01011nam a22002657a 4500
003 - CONTROL NUMBER IDENTIFIER
control field BD-DhSAU
005 - DATE AND TIME OF LATEST TRANSACTION
control field 20220305132454.0
008 - FIXED-LENGTH DATA ELEMENTS--GENERAL INFORMATION
fixed length control field 210929b |||||||| |||| 00| 0 eng d
040 ## - CATALOGING SOURCE
Original cataloging agency BD-DhSAU
082 ## - DEWEY DECIMAL CLASSIFICATION NUMBER
Edition number 22
Classification number 581.35
Item number R8121
100 ## - MAIN ENTRY--PERSONAL NAME
Personal name ROY, BIPLOB KUMAR
Relator term Registration No.:# 18-09156
245 ## - TITLE STATEMENT
Title Genotypic differences in some physiological parameters<br/>under moderate drought stress in tomato<br/><br/> /<br/>
Remainder of title Ms Thesis
260 ## - PUBLICATION, DISTRIBUTION, ETC. (IMPRINT)
Place of publication, distribution, etc. Sher-e-Bangla Agricultural University ;
Name of publisher, distributor, etc. DEPARTMENT OF GENETICS AND PLANT BREEDING;
Date of publication, distribution, etc. 2020;
300 ## - PHYSICAL DESCRIPTION
Extent xiv;
Other physical details 123p.;
Dimensions 30cm.;
500 ## - GENERAL NOTE
General note Including Index.;
590 ## - Name of Cataloguer
Name of Cataloger Nazmul
600 ## - SUBJECT ADDED ENTRY--PERSONAL NAME
Fuller form of name genotypic differences
610 ## - SUBJECT ADDED ENTRY--CORPORATE NAME
Corporate name or jurisdiction name as entry element physiological parameters
650 ## - SUBJECT ADDED ENTRY--TOPICAL TERM
Source of heading or term under moderate
651 ## - SUBJECT ADDED ENTRY--GEOGRAPHIC NAME
Geographic name drought stress in tomato
700 ## - ADDED ENTRY--PERSONAL NAME
Personal name Prof. Dr. Md. Sarowar Hossain
Relator term Supervisor
710 ## - ADDED ENTRY--CORPORATE NAME
Corporate name or jurisdiction name as entry element Asst. Prof. Shahanaz Parveen
Relator term Co-Supervisor
856 ## - ELECTRONIC LOCATION AND ACCESS
Link text Online Access
Uniform Resource Identifier <a href=" http://archive.saulibrary.edu.bd:8080/xmlui/handle/123456789/3638"> http://archive.saulibrary.edu.bd:8080/xmlui/handle/123456789/3638</a>
942 ## - ADDED ENTRY ELEMENTS (KOHA)
Source of classification or shelving scheme Dewey Decimal Classification
Koha item type MS Level Thesis
Holdings
Withdrawn status Lost status Source of classification or shelving scheme Damaged status Not for loan Collection code Home library Branch Name Date acquired Total Checkouts Full call number Barcode Date last seen Price effective from Koha item type
    Dewey Decimal Classification   Not For Loan Reference SAU Library SAU Library 05/03/2022   581.35 R8121 43199 05/03/2022 05/03/2022 MS Level Thesis